| 000 | 00718nam a2200229Ia 4500 | ||
|---|---|---|---|
| 008 | 150520s9999 xx 000 0 und d | ||
| 050 | _aHM 681 | ||
| 050 | _b.C626 2015 | ||
| 100 | _aClemente, Bianca Therese. | ||
| 245 | _aSocio-demographic profile as correlates to the life values of selected college students of southville international school and colleges / | ||
| 245 | _cBianca Therese L. Clemente. | ||
| 260 | _aLas PiƱas, Philippines : | ||
| 260 | _bSISC, | ||
| 260 | _c2015. | ||
| 300 | _a57 pages : | ||
| 300 | _billustrations ; | ||
| 300 | _c28 cm. | ||
| 500 | _aIncludes bibliographical references and appendices. | ||
| 650 | _aSocial norms | ||
| 650 | _aSocial values | ||
| 650 | _aValues | ||
| 999 |
_c284118 _d284118 |
||